<?xml version="1.0" encoding="UTF-8"?><?xml-stylesheet type="text/xsl" href="static/style.xsl"?><OAI-PMH xmlns="http://www.openarchives.org/OAI/2.0/" xmlns:xsi="http://www.w3.org/2001/XMLSchema-instance" xsi:schemaLocation="http://www.openarchives.org/OAI/2.0/ http://www.openarchives.org/OAI/2.0/OAI-PMH.xsd"><responseDate>2026-04-27T12:58:35Z</responseDate><request verb="GetRecord" identifier="oai:uvadoc.uva.es:10324/2097" metadataPrefix="marc">https://uvadoc.uva.es/oai/request</request><GetRecord><record><header><identifier>oai:uvadoc.uva.es:10324/2097</identifier><datestamp>2021-06-29T09:28:33Z</datestamp><setSpec>com_10324_38</setSpec><setSpec>col_10324_852</setSpec></header><metadata><record xmlns="http://www.loc.gov/MARC21/slim" xmlns:doc="http://www.lyncode.com/xoai" xmlns:xsi="http://www.w3.org/2001/XMLSchema-instance" xmlns:dcterms="http://purl.org/dc/terms/" xsi:schemaLocation="http://www.loc.gov/MARC21/slim http://www.loc.gov/standards/marcxml/schema/MARC21slim.xsd">
<leader>00925njm 22002777a 4500</leader>
<datafield tag="042" ind1=" " ind2=" ">
<subfield code="a">dc</subfield>
</datafield>
<datafield tag="720" ind1=" " ind2=" ">
<subfield code="a">Nevares Heredia, Lourdes</subfield>
<subfield code="e">author</subfield>
</datafield>
<datafield tag="260" ind1=" " ind2=" ">
<subfield code="c">2012</subfield>
</datafield>
<datafield tag="520" ind1=" " ind2=" ">
<subfield code="a">Las funciones de los tutores, en el tercer ciclo de Educación Primaria, son&#xd;
complejas y en ocasiones difíciles de asumir. Los principales ejes de las tareas a&#xd;
desarrollar por la Comunidad Educativa, de forma coordinada, pueden articularse en&#xd;
torno a cuatro ejes principales: atención a la diversidad, convivencia positiva,&#xd;
orientación académica e implicación activa del alumnado y la familia. Se propone&#xd;
en este proyecto, facilitar la gestión y desarrollo de tareas utilizando documentos y&#xd;
materiales específicos que se gestionan utilizando las Tecnologías de la Información&#xd;
y Comunicación (TIC).</subfield>
</datafield>
<datafield tag="520" ind1=" " ind2=" ">
<subfield code="a">The roles of tutors in the third cycle of Primary education are complex and&#xd;
sometimes difficult to assume. The main cruxes of the tasks to be performed by the&#xd;
educational community, in coordination, can be articulated around four main areas:&#xd;
attention to diversity, improvement school life, academic guidance and active&#xd;
involvement of students and family. It is proposed in this project, facilitate the&#xd;
management and development of tasks using specific documents and materials that&#xd;
are managed using information technology (ICT).</subfield>
</datafield>
<datafield tag="024" ind2=" " ind1="8">
<subfield code="a">http://uvadoc.uva.es/handle/10324/2097</subfield>
</datafield>
<datafield ind1=" " ind2=" " tag="653">
<subfield code="a">Enseñanza Primaria-Innovaciones</subfield>
</datafield>
<datafield tag="245" ind1="0" ind2="0">
<subfield code="a">Optimización de la gestión y desarrollo de las tareas de tutorización, en el tercer ciclo de educación primaria, mediante el uso de las TIC</subfield>
</datafield>
</record></metadata></record></GetRecord></OAI-PMH>